000 01229nam a2200325 i 4500
003 EG-GICUC
005 20260121101544.0
008 251228s1978 ua ||||fr|||| 00| 0 ara d
017 _a19782206
040 _a EG-GICUC
_bara
_c EG-GICUC
_d EG-GICUC
_erda
041 _aara
082 0 4 _221
_a343.6
_bع ب . ج
092 0 4 _221
099 _aLaw1 10 343.6 ع ب . ج 1978
100 0 _aعبد الرءوف مهدى
_eمؤلف.
245 1 2 _aالجريمة والعقاب :
_bدراسة فى علم الإجرام وعلم العقاب /
_cعبد الرءوف مهدى.
264 1 _aالقاهرة :
_bمطبعة جامعة القاهرة والكتاب الجامعى،
_c1978.
300 _a191 صفحة ؛
_c24 سم.
336 _2rda content
_atext
337 _2rda media
_aComputer
338 _2rda carrier
_aOnline Resource
504 _aيحتوي على ارجاعات ببليوجرافية
546 _aالنص أغلبه باللغة العربية مع بعض النصوص الفرنسية
650 1 4 _aعلم الإجرام
_2qrmak
650 1 4 _aعلم العقاب
651 1 _2qrmak
856 4 0 _uhttps://fll.law.cu.edu.eg/fulltext/bks/B10-07227.pdf
905 _a75
942 _2ddc
_cBK
_e21
_n0
999 _c52900
_d52900